[Event "LLHH 2324 SV Großhansdorf - SK Weisse D"]
[Site "?"]
[Date "2024.04.07"]
[Round "7.6"]
[White "Limbach, Torsten"]
[Black "Purniel Umpierre, Christian"]
[Result "1/2-1/2"]
[WhiteElo "1959"]
[BlackElo "1995"]
[PlyCount "115"]
[EventDate "2024.??.??"]

1. c4 f5 2. g3 Nf6 3. Bg2 g6 4. b3 Bg7 5. Bb2 O-O 6. Nf3 d6 7. O-O e5 8. d3 a5 9. Nbd2 Na6 10. a3 c6 11. b4 e4 12. Ne1 e3 13. fxe3 Ng4 14. Bxg7 Nxe3 15. Qc1 Nxf1 16. Bxf8 Nxd2 17. Bh6 Nb3 18. Qc3 Qe7 19. Qxb3 Qf6 20. Nc2 g5 21. Bxg5 Qxg5 22. Qc3 Bd7 23. bxa5 Re8 24. e3 Nc5 25. Rb1 Bc8 26. Qd4 Qg6 27. Rd1 Qe6 28. Qf4 Qf6 29. Nd4 Rf8 30. Rd2 Rf7 31. Rd1 Kh8 32. Kf2 Qe7 33. Kg1 Qf6 34. Bf3 Kg7 35. Bg2 Rf8 36. Kf2 Qe7 37. Nf3 Ne6 38. Qh4 Qc7 39. Ng5 h6 40. Nxe6+ Bxe6 41. Qd4+ Kg6 42. Qc3 Ra8 43. Rb1 Rxa5 44. Qb4 Bc8 45. Qc3 Re5 46. Bf3 Re8 47. d4 Qe7 48. d5 c5 49. a4 Qg5 50. Rb6 Qe7 51. a5 Rf8 52. Rb1 Re8 53. Rg1 Rf8 54. Ke2 Re8 55. Kd2 Qg5 56. h4 Qe7 57. h5+ Kh7 58. Ke2 {(=)} 1/2-1/2

[Event "LLHH 2324 SV Großhansdorf - SK Weisse D"]
[Site "?"]
[Date "2024.04.07"]
[Round "7.7"]
[White "Lam, Marvin"]
[Black "Varain, Ernst-Helmuth"]
[Result "0-1"]
[WhiteElo "1776"]
[BlackElo "2015"]
[PlyCount "90"]
[EventDate "2024.??.??"]

1. e4 e5 2. Nf3 Nc6 3. Bc4 Bc5 4. Nc3 Nf6 5. d3 h6 6. Be3 Bb6 7. Nd5 d6 8. Nxb6 axb6 9. h3 Na5 10. Bb3 Bd7 11. O-O O-O 12. Qd2 Kh7 13. Nh2 Nxb3 14. axb3 d5 15. f4 Rxa1 16. Rxa1 exf4 17. Bxf4 dxe4 18. dxe4 Bc6 19. Qxd8 Rxd8 20. Bxc7 Rd2 21. Rc1 Bxe4 22. Nf3 Rxc2 23. Rxc2 Bxc2 24. Nd4 Be4 25. Bxb6 Nd5 26. Ba5 Nf4 27. Nb5 Nxg2 28. Nd6 Bd5 29. Bd2 Nh4 30. Kf2 Nf3 31. Bc3 f6 32. Kg3 Ng5 33. h4 Ne6 34. b4 h5 35. Nf5 Nf8 36. Ne7 Be6 37. Kf4 Nd7 38. Bd4 Kh6 39. Nf5+ Kh7 40. Ne7 g6 41. Bxf6 Nxf6 42. Ke5 Nd5 43. Kxe6 Nxe7 44. Kxe7 g5 45. hxg5 Kg6 0-1

[Event "LLHH 2324 SV Großhansdorf - SK Weisse D"]
[Site "?"]
[Date "2024.04.07"]
[Round "7.8"]
[White "Baldauf, Bastian"]
[Black "Schmidt, Deniz"]
[Result "1-0"]
[WhiteElo "2100"]
[BlackElo "1876"]
[PlyCount "75"]
[EventDate "2024.??.??"]

1. e4 c5 2. Nf3 e6 3. c3 Nf6 4. Qe2 Qc7 5. g3 Be7 6. Bg2 h5 7. h3 b6 8. d3 Bb7 9. Na3 a6 10. Bf4 d6 11. O-O Nbd7 12. Rfd1 Nh7 13. h4 Rg8 14. e5 d5 15. d4 g5 16. hxg5 Nxg5 17. Nxg5 Bxg5 18. Qxh5 Bxf4 19. gxf4 Nf8 20. Rd3 Ng6 21. Rg3 O-O-O 22. f5 Nf4 23. Qf3 Nxg2 24. Kxg2 cxd4 25. cxd4 Kb8 26. f6 a5 27. Qd3 Rh8 28. Rg7 Rdg8 29. Rh1 Rxg7+ 30. fxg7 Rg8 31. Rh8 Qd8 32. Qh7 Qg5+ 33. Kf3 Ka7 34. Rxg8 Qd2 35. Qc2 Qh6 36. Nb5+ Ka6 37. Nc7+ Ka7 38. Ra8+ 1-0